[Event "Politiken Cup 2008"]
[Site "Helsingør DEN"]
[Date "2008.07.20"]
[Round "3.61"]
[White "Nielsen, Jan Mose"]
[Black "Moller, Arne"]
[Result "0-1"]
[WhiteElo "2155"]
[BlackElo "1943"]
[PlyCount "80"]
[EventDate "2008.07.20"]
[EventType "swiss"]
[EventRounds "9"]
[EventCountry "DEN"]
[Source "lmi"]
[SourceDate "2008.07.20"]
[WhiteTeam "Taastrup"]
[BlackTeam "Amager"]

1. e4 c5 2. Nf3 d6 3. d4 cxd4 4. Nxd4 Nf6 5. Nc3 a6 6. Bg5 e6 7. f4 Be7 8. Qf3
h6 9. Bh4 Nc6 10. Nb3 Qc7 11. O-O-O Bd7 12. g4 Rc8 13. Kb1 b5 14. Bxf6 Bxf6 15.
Bxb5 Bxc3 16. Qxc3 axb5 17. Qxg7 Ke7 18. g5 Rcg8 19. Qf6+ Ke8 20. h4 Qd8 21.
Qc3 hxg5 22. fxg5 Qe7 23. Qe3 Rh5 24. Qg3 e5 25. Rh2 Qe6 26. Rhd2 Qg4 27. Qd3
Rg6 28. Qxb5 Rxh4 29. Qb7 Rh2 30. Qa8+ Ke7 31. Rxh2 Qxd1+ 32. Nc1 Nd4 33. a4
Rxg5 34. Rh8 Ne6 35. Qa7 Rg1 36. Qe3 Bxa4 37. b3 Bd7 38. Qh6 Qg4 39. Rb8 Qg5
40. Qxg5+ Nxg5 0-1

[Event "Politiken Cup 2008"]
[Site "Helsingør DEN"]
[Date "2008.07.20"]
[Round "3.62"]
[White "Lyngsjo, Hakan"]
[Black "Schnabel, Andreas"]
[Result "0-1"]
[WhiteElo "1951"]
[BlackElo "2153"]
[PlyCount "84"]
[EventDate "2008.07.20"]
[EventType "swiss"]
[EventRounds "9"]
[EventCountry "DEN"]
[Source "lmi"]
[SourceDate "2008.07.20"]
[WhiteTeam "SK Bare Bønder"]
[BlackTeam "SC Grunbach"]

1. e4 c5 2. Nf3 d6 3. d4 cxd4 4. Nxd4 Nf6 5. Nc3 g6 6. Be3 Bg7 7. f3 O-O 8. Qd2
Nc6 9. O-O-O Nxd4 10. Bxd4 Be6 11. h4 Qa5 12. h5 Rfc8 13. hxg6 hxg6 14. a3 Rab8
15. Kb1 b5 16. Nd5 Qxd2 17. Nxf6+ Bxf6 18. Rxd2 Bxd4 19. Rxd4 Rc5 20. f4 Kg7
21. Be2 Rbc8 22. c3 Bc4 23. Bg4 Be6 24. Bxe6 fxe6 25. e5 dxe5 26. fxe5 Rxe5 27.
Rd7 a5 28. Rxe7+ Kf6 29. Ra7 a4 30. Rf1+ Kg5 31. Rf2 Kg4 32. Kc2 Kg3 33. Rd2 g5
34. Rg7 Rc4 35. Rgd7 Rce4 36. R7d3+ Kh2 37. Rh3+ Kg1 38. Rg3 g4 39. Rgd3 Re2
40. g3 Kf2 41. b4 axb3+ 42. Kxb3 Rxd2 0-1

[Event "Politiken Cup 2008"]
[Site "Helsingør DEN"]
[Date "2008.07.20"]
[Round "3.66"]
[White "Nielsen, Preben"]
[Black "Peschardt, Soren"]
[Result "1/2-1/2"]
[WhiteElo "1921"]
[BlackElo "2137"]
[PlyCount "79"]
[EventDate "2008.07.20"]
[EventType "swiss"]
[EventRounds "9"]
[EventCountry "DEN"]
[Source "lmi"]
[SourceDate "2008.07.20"]
[WhiteTeam "Ålsgårde"]
[BlackTeam "BMS"]

1. e4 c5 2. Nf3 Nc6 3. d4 cxd4 4. Nxd4 Qb6 5. Nb3 Nf6 6. Nc3 e6 7. Be3 Qc7 8.
a3 Be7 9. f4 d6 10. Be2 a6 11. O-O b5 12. Bf3 Bb7 13. Qe2 O-O 14. Qf2 Rac8 15.
g4 Nd7 16. Rae1 Na5 17. Nxa5 Qxa5 18. Na2 Qc7 19. c3 Nc5 20. Bxc5 dxc5 21. e5
c4 22. Kg2 Bc5 23. Qe2 Rcd8 24. Rd1 a5 25. Bxb7 Qxb7+ 26. Qf3 Qxf3+ 27. Kxf3 f6
28. exf6 gxf6 29. Rfe1 Kf7 30. Nc1 b4 31. axb4 axb4 32. Ne2 bxc3 33. bxc3 Ke7
34. Ng3 Bb6 35. Nf5+ Kf7 36. Nd6+ Ke7 37. Nxc4 Bc7 38. Ne3 Kf7 39. Nc4 Ke7 40.
Ne3 1/2-1/2

[Event "Politiken Cup 2008"]
[Site "Helsingør DEN"]
[Date "2008.07.20"]
[Round "3.67"]
[White "Schou-Moldt, Thomas"]
[Black "Nilsen, Kai"]
[Result "1-0"]
[WhiteElo "2136"]
[BlackElo "1914"]
[PlyCount "151"]
[EventDate "2008.07.20"]
[EventType "swiss"]
[EventRounds "9"]
[EventCountry "DEN"]
[Source "lmi"]
[SourceDate "2008.07.20"]
[WhiteTeam "Allerød"]
[BlackTeam "Fredrikstad"]

1. e4 e5 2. Nf3 Nc6 3. Bb5 a6 4. Bxc6 dxc6 5. O-O Bd6 6. h3 c5 7. c3 b6 8. d4
exd4 9. cxd4 Be7 10. Be3 Bb7 11. dxc5 Qxd1 12. Rxd1 bxc5 13. Nc3 Nf6 14. Nd2
Rd8 15. f3 Bc6 16. Nb3 Nd7 17. Na5 Nb8 18. Nxc6 Nxc6 19. Nd5 Bd6 20. Rac1 Nb4
21. Bxc5 Nxd5 22. Rxd5 Ke7 23. Bxd6+ cxd6 24. Rc6 Rd7 25. e5 dxe5 26. Rxe5+ Kd8
27. Rxa6 Kc7 28. Rc5+ Kb7 29. Ra3 Rd6 30. Rb3+ Rb6 31. Rxb6+ Kxb6 32. Re5 f6
33. Re7 Rg8 34. Kf2 h5 35. h4 Kc6 36. Ke3 Kd6 37. Re4 g5 38. a4 gxh4 39. Kf2
Rc8 40. Rxh4 Rc2+ 41. Kg3 Rxb2 42. Rxh5 Ra2 43. Ra5 Ke6 44. Kh3 Kf7 45. g4 Kg6
46. Kg3 Rb2 47. Ra6 Rb3 48. Ra7 Kg5 49. Ra8 Ra3 50. a5 Kg6 51. a6 Kg7 52. Kf4
Ra4+ 53. Kf5 Ra5+ 54. Kf4 Ra4+ 55. Ke3 Ra3+ 56. Ke4 Ra5 57. f4 Ra4+ 58. Kf3 Kh7
59. f5 Kg7 60. Kg3 Ra3+ 61. Kh4 Ra1 62. a7 Rh1+ 63. Kg3 Ra1 64. g5 Ra3+ 65. Kf2
Ra2+ 66. Ke3 Ra3+ 67. Kd2 Ra2+ 68. Kc3 fxg5 69. f6+ Kxf6 70. Rf8+ Ke5 71. a8=Q
Rxa8 72. Rxa8 Kf4 73. Kd2 Kg3 74. Ke2 g4 75. Rg8 Kh3 76. Kf1 1-0

[Event "Politiken Cup 2008"]
[Site "Helsingør DEN"]
[Date "2008.07.20"]
[Round "3.69"]
[White "Andersen, Lars Christoff"]
[Black "Sørensen, Svend Erik Forby"]
[Result "1/2-1/2"]
[WhiteElo "2131"]
[BlackElo "1911"]
[PlyCount "103"]
[EventDate "2008.07.20"]
[EventType "swiss"]
[EventRounds "9"]
[EventCountry "DEN"]
[Source "lmi"]
[SourceDate "2008.07.20"]
[WhiteTeam "Herlev"]
[BlackTeam "Ålgårde"]

1. d4 d5 2. Nf3 Nf6 3. c4 e6 4. Nc3 Be7 5. Bg5 Nbd7 6. e3 h6 7. Bh4 O-O 8. Bd3
b6 9. Rc1 Bb7 10. O-O c5 11. Qe2 Ne4 12. Bxe7 Qxe7 13. cxd5 exd5 14. Ba6 Ndf6
15. dxc5 bxc5 16. Nxe4 Nxe4 17. Rfd1 c4 18. Bxb7 Qxb7 19. Nd4 Rad8 20. b3 cxb3
21. axb3 Rc8 22. Qg4 Nf6 23. Qf5 Rxc1 24. Rxc1 Qe7 25. h3 Qe4 26. Ra1 Qxf5 27.
Nxf5 Rb8 28. Nd4 Rb7 29. Ra5 Kf8 30. Kf1 Ke7 31. Ke2 g6 32. f3 Kd7 33. Kd3 Kc7
34. Ra6 Ne8 35. g4 Kd7 36. h4 Nc7 37. Ra5 a6 38. h5 Rb6 39. Ra1 gxh5 40. gxh5
Ne6 41. Ra5 Nc7 42. Rc5 Kd6 43. Rc1 Kd7 44. Rg1 Ne6 45. Nxe6 Kxe6 46. Kc3 Kf6
47. Rg4 Rc6+ 48. Kb4 Rb6+ 49. Ka4 Re6 50. e4 dxe4 51. fxe4 Re5 52. Rf4+ 1/2-1/2

[Event "Politiken Cup 2008"]
[Site "Helsingør DEN"]
[Date "2008.07.20"]
[Round "3.70"]
[White "Johansen, Stian"]
[Black "Moestrup, Jorn"]
[Result "0-1"]
[WhiteElo "1905"]
[BlackElo "2129"]
[PlyCount "54"]
[EventDate "2008.07.20"]
[EventType "swiss"]
[EventRounds "9"]
[EventCountry "DEN"]
[Source "lmi"]
[SourceDate "2008.07.20"]
[WhiteTeam "Frederiksstad"]
[BlackTeam "Læseforeningen"]

1. e4 c5 2. Nf3 d6 3. d4 cxd4 4. Nxd4 Nf6 5. Nc3 a6 6. Bg5 e6 7. f4 Nbd7 8. Qf3
Qc7 9. g4 Be7 10. O-O-O b5 11. h4 b4 12. Nb1 Bb7 13. Bxf6 Nxf6 14. Bd3 Rc8 15.
g5 Nd7 16. Rh2 Nc5 17. Rf2 d5 18. e5 g6 19. h5 Nxd3+ 20. Rxd3 Bc5 21. Rh2 Ke7
22. h6 Qb6 23. Nb3 Bg1 24. Re2 a5 25. Rdd2 a4 26. Na1 d4 27. Qd3 Rhd8 0-1

[Event "Politiken Cup 2008"]
[Site "Helsingør DEN"]
[Date "2008.07.20"]
[Round "3.71"]
[White "Joensen, Jogvan"]
[Black "Nohr, Finn"]
[Result "1/2-1/2"]
[WhiteElo "1904"]
[BlackElo "2127"]
[PlyCount "36"]
[EventDate "2008.07.20"]
[EventType "swiss"]
[EventRounds "9"]
[EventCountry "DEN"]
[Source "lmi"]
[SourceDate "2008.07.20"]
[WhiteTeam "Havnar Telvingarfelag"]
[BlackTeam "Sydøstfyn"]

1. d4 Nf6 2. Nf3 d5 3. Bf4 c5 4. c3 Qb6 5. Qb3 Nc6 6. e3 c4 7. Qxb6 axb6 8.
Nbd2 e6 9. Be2 Be7 10. O-O b5 11. a3 O-O 12. Ne5 Nd7 13. Nxd7 Bxd7 14. Bg3 f5
15. h4 g6 16. Nf3 h6 17. Bf4 Kh7 18. g3 Rg8 1/2-1/2

[Event "Politiken Cup 2008"]
[Site "Helsingør DEN"]
[Date "2008.07.20"]
[Round "3.72"]
[White "Brauner, Jonathan"]
[Black "Inhoven, Stefan"]
[Result "0-1"]
[WhiteElo "1894"]
[BlackElo "2124"]
[PlyCount "82"]
[EventDate "2008.07.20"]
[EventType "swiss"]
[EventRounds "9"]
[EventCountry "DEN"]
[Source "lmi"]
[SourceDate "2008.07.20"]
[WhiteTeam "BMS"]
[BlackTeam "SK62 Ladenburg"]

1. e4 d5 2. exd5 Qxd5 3. Nc3 Qa5 4. d4 Nf6 5. Bd2 Bg4 6. Nf3 c6 7. h3 Bh5 8.
Bc4 Nbd7 9. a3 e6 10. O-O Qc7 11. Re1 Be7 12. Qe2 Nb6 13. Ba2 Nbd5 14. Nxd5
cxd5 15. c4 Rd8 16. Rac1 Qb6 17. Bc3 O-O 18. c5 Qc7 19. Qe5 Qc6 20. Nd2 Bg6 21.
f3 Rd7 22. Nb3 Rc8 23. Qe3 Qa6 24. Qd2 Qb5 25. Bb4 h6 26. Re3 Nh5 27. Qe1 Bg5
28. Rec3 Bxc1 29. Rxc1 Rdc7 30. Rc3 b6 31. cxb6 axb6 32. Kh2 Qd7 33. g4 Rxc3
34. Bxc3 Qc7+ 35. Kg1 Nf4 36. h4 Nd3 37. Qe2 Qg3+ 38. Qg2 Qxh4 39. Nd2 Nf4 40.
Qh2 Qe1+ 41. Nf1 Ne2+ 0-1

[Event "Politiken Cup 2008"]
[Site "Helsingør DEN"]
[Date "2008.07.20"]
[Round "3.73"]
[White "Rasmussen, Uffe"]
[Black "Nord, Michael"]
[Result "1-0"]
[WhiteElo "2123"]
[BlackElo "1889"]
[PlyCount "125"]
[EventDate "2008.07.20"]
[EventType "swiss"]
[EventRounds "9"]
[EventCountry "DEN"]
[Source "lmi"]
[SourceDate "2008.07.20"]
[WhiteTeam "Odysseus"]
[BlackTeam "Tårnet Svendborg"]

1. f4 d5 2. Nf3 g6 3. e3 Bg7 4. Be2 Nf6 5. O-O O-O 6. d3 c5 7. Qe1 Nc6 8. Nbd2
b6 9. Ne5 Bb7 10. Ndf3 Nd7 11. Nxc6 Bxc6 12. Qg3 Qc7 13. d4 f6 14. Qh3 e5 15.
dxe5 fxe5 16. Ng5 Nf6 17. Ne6 Qd6 18. Nxf8 Rxf8 19. Bf3 e4 20. Be2 d4 21. Bc4+
Kh8 22. a4 Nd5 23. Rd1 Nb4 24. c3 Nc2 25. Ra2 d3 26. Qe6 Qc7 27. Bb3 Re8 28.
Qf7 Qxf7 29. Bxf7 Rd8 30. Bb3 Ne1 31. Rxe1 d2 32. Bxd2 Rxd2 33. Rd1 Rd3 34. Bc2
c4 35. Bxd3 exd3 36. Kf2 Bh6 37. g3 Bg7 38. Ke1 Kg8 39. Kd2 a6 40. Raa1 Kf7 41.
Rdb1 Ke6 42. b3 Kd5 43. bxc4+ Kxc4 44. Rb4+ Kc5 45. Kxd3 b5 46. a5 Bf6 47. e4
Bd8 48. e5 Bd7 49. Rd4 Bf5+ 50. Ke3 Bc7 51. Kf3 h5 52. Kg2 Kc6 53. h3 Kc5 54.
Kh2 Kc6 55. Rdd1 Kc5 56. Rg1 g5 57. Rgd1 gxf4 58. gxf4 h4 59. Rg1 b4 60. Rg5
Be4 61. Rg7 Bb8 62. cxb4+ Kd4 63. Rd1+ 1-0

[Event "Politiken Cup 2008"]
[Site "Helsingør DEN"]
[Date "2008.07.20"]
[Round "3.75"]
[White "Nielsen, Torkil"]
[Black "Thestrup, Sixten"]
[Result "1/2-1/2"]
[WhiteElo "2118"]
[BlackElo "1883"]
[PlyCount "112"]
[EventDate "2008.07.20"]
[EventType "swiss"]
[EventRounds "9"]
[EventCountry "DEN"]
[Source "lmi"]
[SourceDate "2008.07.20"]
[WhiteTeam "Sandavags Talvfelag"]
[BlackTeam "Øbro"]

1. e4 e5 2. Nf3 Nf6 3. Nc3 Nc6 4. Bb5 d6 5. d4 exd4 6. Nxd4 Bd7 7. O-O Nxd4 8.
Bxd7+ Qxd7 9. Qxd4 Be7 10. Bg5 h6 11. Bh4 O-O 12. e5 Ne8 13. Bg3 Qd8 14. Rad1
dxe5 15. Qxe5 Bd6 16. Qb5 Qc8 17. Ne4 c6 18. Qb3 Bxg3 19. fxg3 Qc7 20. g4 Qb6+
21. Qxb6 axb6 22. a3 Ra4 23. Rfe1 Nc7 24. Rd7 Nd5 25. h3 Re8 26. Rxd5 Raxe4 27.
Rxe4 Rxe4 28. Rd8+ Kh7 29. Rd7 Re2 30. Rxb7 b5 31. Rxf7 Rxc2 32. Rf2 Rc4 33.
Rd2 b4 34. axb4 Rxb4 35. Kf2 Rb3 36. Ke1 c5 37. Kd1 c4 38. Kc2 Rg3 39. Rd4
Rxg2+ 40. Kc3 Rh2 41. Rd2 Rxh3+ 42. Kxc4 Rh4 43. Rd4 h5 44. gxh5 Rxh5 45. b4 g5
46. b5 Kg6 47. b6 Rh8 48. Kc5 Kh5 49. Kc6 g4 50. b7 Rb8 51. Kc7 Rxb7+ 52. Kxb7
g3 53. Rd8 Kg4 54. Kc6 g2 55. Kd5 Kf3 56. Rg8 Kf2 1/2-1/2

[Event "Politiken Cup 2008"]
[Site "Helsingør DEN"]
[Date "2008.07.20"]
[Round "3.76"]
[White "Brorsen, Jacob Abildlund"]
[Black "Nielsen, Borge Hjerrild"]
[Result "1/2-1/2"]
[WhiteElo "1882"]
[BlackElo "2116"]
[PlyCount "94"]
[EventDate "2008.07.20"]
[EventType "swiss"]
[EventRounds "9"]
[EventCountry "DEN"]
[Source "lmi"]
[SourceDate "2008.07.20"]
[WhiteTeam "BMS"]
[BlackTeam "Hvidovre"]

1. f4 Nf6 2. Nf3 g6 3. g3 Bg7 4. Bg2 O-O 5. O-O d5 6. d3 d4 7. c4 c5 8. Nbd2
Nc6 9. Nh4 Qc7 10. f5 Bd7 11. Ne4 Ne5 12. Nxf6+ Bxf6 13. Bh6 Bg7 14. Bxg7 Kxg7
15. h3 g5 16. f6+ exf6 17. Nf5+ Bxf5 18. Rxf5 Ng6 19. Qe1 Ne7 20. Rf1 Qd6 21.
Qf2 Rab8 22. Be4 a6 23. a4 b6 24. Kg2 Rh8 25. h4 h6 26. Qf3 Qe5 27. Rf2 Rbd8
28. Rb1 a5 29. Rbf1 Rd6 30. Qh5 Ng6 31. Rf5 Qe7 32. R5f2 Ne5 33. b3 Qd7 34. Bf5
Qc6+ 35. Be4 Qe8 36. Re1 Qd8 37. Ref1 Ng6 38. Rg1 Qe7 39. Rgf1 Rf8 40. Rh1 gxh4
41. gxh4 Qe5 42. Qf3 h5 43. Kf1 Rh8 44. Rg1 Rh6 45. Qh3 Qe6 46. Qh2 Qe5 47. Qh3
Qe6 1/2-1/2

[Event "Politiken Cup 2008"]
[Site "Helsingør DEN"]
[Date "2008.07.20"]
[Round "3.77"]
[White "Koenig, Dirk"]
[Black "Palvig, David Kinch"]
[Result "1-0"]
[WhiteElo "2106"]
[BlackElo "1868"]
[PlyCount "57"]
[EventDate "2008.07.20"]
[EventType "swiss"]
[EventRounds "9"]
[EventCountry "DEN"]
[Source "lmi"]
[SourceDate "2008.07.20"]
[WhiteTeam "SC Grunbach"]
[BlackTeam "Hillerød"]

1. e4 c6 2. d4 d5 3. exd5 cxd5 4. c4 Nf6 5. Nc3 e6 6. c5 Be7 7. Nf3 O-O 8. Bf4
b6 9. b4 a5 10. Na4 bxc5 11. bxc5 Nc6 12. Bb5 Nb4 13. Nb6 Ba6 14. a3 Nc2+ 15.
Qxc2 Bxb5 16. Rb1 Ba6 17. Ne5 Qc7 18. Ng6 Qa7 19. Nxe7+ Qxe7 20. Bd6 Qa7 21.
Bxf8 Rxf8 22. f3 Re8 23. Kf2 e5 24. dxe5 Rxe5 25. Rhe1 Qe7 26. Nxd5 Ng4+ 27.
fxg4 Qh4+ 28. Kf3 Rxe1 29. Rb8+ 1-0

[Event "Politiken Cup 2008"]
[Site "Helsingør DEN"]
[Date "2008.07.20"]
[Round "3.78"]
[White "Lindgren, Philip"]
[Black "Arvola, Benjamin"]
[Result "0-1"]
[WhiteElo "1876"]
[BlackElo "2105"]
[PlyCount "98"]
[EventDate "2008.07.20"]
[EventType "swiss"]
[EventRounds "9"]
[EventCountry "DEN"]
[Source "lmi"]
[SourceDate "2008.07.20"]
[WhiteTeam "Limhamn"]
[BlackTeam "Tromsø"]

1. d4 e6 2. c4 f5 3. Nf3 Nf6 4. g3 c6 5. Bg2 d5 6. Bf4 Nbd7 7. O-O Be7 8. Nc3
Ne4 9. Rc1 Bf6 10. h4 O-O 11. Qb3 Kh8 12. Rfd1 h6 13. Ne5 Bxe5 14. Bxe5 Nxe5
15. dxe5 Qb6 16. Qxb6 axb6 17. Nxe4 fxe4 18. a3 Rf5 19. f4 exf3 20. exf3 Rxe5
21. Bh3 Re2 22. cxd5 exd5 23. Bxc8 Rxc8 24. Rxd5 Rf8 25. Rd3 Rxb2 26. Re1 c5
27. Re7 c4 28. Rc3 Rd8 29. Rc1 Rdd2 30. Rxb7 c3 31. Re7 c2 32. Ree1 Rb3 33. Rf1
Rxa3 34. Rf2 Rd1+ 35. Rf1 Rxf3 36. Rcxd1 Rxg3+ 37. Kh2 cxd1=Q 38. Rxd1 Rb3 39.
Rd5 Kh7 40. h5 b5 41. Kg2 Kg8 42. Rf5 Rb1 43. Kf2 b4 44. Ke2 b3 45. Kd2 b2 46.
Kc2 Rg1 47. Kxb2 Rg5 48. Rf3 Rxh5 49. Kc2 Rd5 0-1

[Event "Politiken Cup 2008"]
[Site "Helsingør DEN"]
[Date "2008.07.20"]
[Round "3.79"]
[White "Nielsen, Rogvi Egilstoft"]
[Black "Jensen, Michael Agermose"]
[Result "1-0"]
[WhiteElo "1864"]
[BlackElo "2096"]
[PlyCount "157"]
[EventDate "2008.07.20"]
[EventType "swiss"]
[EventRounds "9"]
[EventCountry "DEN"]
[Source "lmi"]
[SourceDate "2008.07.20"]
[BlackTeam "FREM"]

1. e4 c5 2. Nf3 g6 3. c3 Bg7 4. d4 cxd4 5. cxd4 d5 6. e5 Bg4 7. Be3 Nh6 8. Bd3
f6 9. exf6 exf6 10. Nc3 Qd7 11. h3 Be6 12. O-O O-O 13. Rc1 Nf7 14. Na4 b6 15.
b4 Nd6 16. Bf4 Nc6 17. a3 g5 18. Bxd6 Qxd6 19. Qc2 Rac8 20. Bxh7+ Kh8 21. Qg6
Qd7 22. Qh5 Bh6 23. Qxh6 Qxh7 24. Qxh7+ Kxh7 25. Rfe1 Bf5 26. Nc3 Rfd8 27. b5
Na5 28. Nd2 Nc4 29. Nxc4 Rxc4 30. Re7+ Kh6 31. Ne2 Bd3 32. Re1 Bxe2 33. R1xe2
Rxd4 34. R2e6 Rf4 35. Rxa7 d4 36. Re2 d3 37. Rd2 Rc4 38. Re7 Rc2 39. Rd1 Re2
40. Rxd3 Rxd3 41. Rxe2 Rxa3 42. Re6 Kg6 43. Rxb6 Rb3 44. Kh2 Kg7 45. f3 Rb2 46.
Rb8 Rb3 47. Kg3 Kf7 48. b6 f5 49. b7 Kg7 50. h4 g4 51. Rc8 Rxb7 52. fxg4 fxg4
53. Kxg4 Rb4+ 54. Kh3 Kh6 55. Rc5 Rd4 56. Rc6+ Kh7 57. h5 Rb4 58. g4 Rb3+ 59.
Kh4 Rb5 60. Rf6 Rc5 61. Rf5 Rc4 62. Ra5 Kh6 63. Ra6+ Kh7 64. h6 Rc1 65. Kh5
Rh1+ 66. Kg5 Rb1 67. Ra7+ Kh8 68. Kh5 Rb5+ 69. g5 Rc5 70. Rf7 Rb5 71. Kg6 Rb8
72. Rf6 Rg8+ 73. Kf5 Rb8 74. g6 Rb5+ 75. Ke4 Rb4+ 76. Kd5 Rb5+ 77. Kc6 Rb8 78.
Kc7 Ra8 79. Rc6 1-0

[Event "Politiken Cup 2008"]
[Site "Helsingør DEN"]
[Date "2008.07.20"]
[Round "3.80"]
[White "Schmied, Andreas"]
[Black "Lyngsjo, Gert"]
[Result "1-0"]
[WhiteElo "2089"]
[BlackElo "1811"]
[PlyCount "87"]
[EventDate "2008.07.20"]
[EventType "swiss"]
[EventRounds "9"]
[EventCountry "DEN"]
[Source "lmi"]
[SourceDate "2008.07.20"]
[WhiteTeam "SV Vimbuch"]
[BlackTeam "SK Bara Bønder"]

1. d4 d5 2. c4 dxc4 3. e3 e5 4. Bxc4 exd4 5. exd4 Nf6 6. Nf3 Be7 7. O-O O-O 8.
Ne5 a6 9. a4 b6 10. Nc3 Bb7 11. Qb3 Qe8 12. Bg5 Nc6 13. Nxc6 Qxc6 14. d5 Qd6
15. Bh4 Rad8 16. Rad1 Nh5 17. Ne4 Qd7 18. Bxe7 Qxe7 19. Rfe1 Nf6 20. d6 cxd6
21. Nxd6 Qc7 22. Nxf7 Rxd1 23. Rxd1 Rxf7 24. Bxf7+ Kf8 25. Be6 g6 26. Bh3 Bd5
27. Qc3 Qe7 28. Re1 Qd8 29. Qc8 Qxc8 30. Bxc8 Bb3 31. Bxa6 Bxa4 32. Re6 Nd7 33.
Bc8 Kf7 34. Bxd7 Bxd7 35. Rxb6 h5 36. f4 Bf5 37. h4 Ke7 38. Rc6 Kd7 39. Rc5 Bg4
40. g3 Be2 41. Kf2 Kd6 42. b4 Bg4 43. Ke3 Be6 44. Kd4 1-0

[Event "Politiken Cup 2008"]
[Site "Helsingør DEN"]
[Date "2008.07.20"]
[Round "3.82"]
[White "Storgaard, Morten"]
[Black "Nielsen, Jimmy Oste"]
[Result "1-0"]
[WhiteElo "2081"]
[BlackElo "1705"]
[PlyCount "61"]
[EventDate "2008.07.20"]
[EventType "swiss"]
[EventRounds "9"]
[EventCountry "DEN"]
[Source "lmi"]
[SourceDate "2008.07.20"]
[WhiteTeam "Herning"]
[BlackTeam "K41"]

1. d4 d5 2. c4 c6 3. Nc3 Nf6 4. Nf3 e6 5. Qc2 Nbd7 6. e3 Bd6 7. Bd3 h6 8. b3
O-O 9. Bb2 Re8 10. O-O a6 11. Rfd1 b5 12. Ne2 Qe7 13. Ng3 Bxg3 14. hxg3 Ng4 15.
Rac1 Bb7 16. Qe2 Ngf6 17. cxd5 exd5 18. Ne5 Rac8 19. f4 Ne4 20. Bxe4 dxe4 21.
Rc2 Qe6 22. g4 f6 23. f5 Qe7 24. Ng6 Qf7 25. Ba3 Nb6 26. Bc5 Nd5 27. Kf2 b4 28.
Rh1 Nc3 29. Qc4 a5 30. Ne7+ Kf8 31. Nxc8+ 1-0

[Event "Politiken Cup 2008"]
[Site "Helsingør DEN"]
[Date "2008.07.20"]
[Round "3.83"]
[White "Hansen, Pal Andreas"]
[Black "Angott, Juergen"]
[Result "1-0"]
[WhiteElo "2069"]
[BlackElo "1597"]
[PlyCount "55"]
[EventDate "2008.07.20"]
[EventType "swiss"]
[EventRounds "9"]
[EventCountry "DEN"]
[Source "lmi"]
[SourceDate "2008.07.20"]
[WhiteTeam "Verdal"]
[BlackTeam "SC Grunbach"]

1. e4 c5 2. Nf3 e6 3. Nc3 a6 4. d4 cxd4 5. Nxd4 d6 6. Be2 b6 7. O-O Bb7 8. f4
Nd7 9. Bf3 Qc7 10. Kh1 Ngf6 11. Nb3 Rd8 12. Qe1 Be7 13. Be3 O-O 14. a4 Rfe8 15.
Rd1 Bf8 16. g4 d5 17. e5 Ne4 18. Bd4 Bb4 19. Nxd5 Qc4 20. Nxb4 a5 21. Bxe4
Bxe4+ 22. Qxe4 Qxb4 23. Qc6 Qe7 24. Bxb6 Rc8 25. Qxd7 Qh4 26. Qd3 Rc6 27. Bd8
Qxg4 28. Qd7 1-0

[Event "Politiken Cup 2008"]
[Site "Helsingør DEN"]
[Date "2008.07.20"]
[Round "3.84"]
[White "Christensen, Casper"]
[Black "Mangelschots, Peter"]
[Result "0-1"]
[WhiteElo "1795"]
[BlackElo "2069"]
[PlyCount "58"]
[EventDate "2008.07.20"]
[EventType "swiss"]
[EventRounds "9"]
[EventCountry "DEN"]
[Source "lmi"]
[SourceDate "2008.07.20"]
[WhiteTeam "Skovbo"]
[BlackTeam "TSM Schaakclub"]

1. b3 g6 2. Bb2 Nf6 3. c4 Bg7 4. d4 O-O 5. e3 d5 6. Nd2 c6 7. Ngf3 Ne4 8. Bd3
f5 9. Qc2 Be6 10. c5 Nd7 11. O-O Qc7 12. b4 Bf7 13. a4 e5 14. Nb3 Rae8 15. b5
exd4 16. Bxd4 Ne5 17. Nxe5 Bxe5 18. Bxe5 Qxe5 19. Nd4 Qf6 20. Ne2 Qe7 21. Bxe4
dxe4 22. Nd4 Bd5 23. Rab1 f4 24. bxc6 f3 25. cxb7 Qg5 26. g3 Qg4 27. Kh1 Re5
28. b8=Q Qh3 29. Rg1 Qxh2+ 0-1

[Event "Politiken Cup 2008"]
[Site "Helsingør DEN"]
[Date "2008.07.20"]
[Round "3.85"]
[White "Strand, Kjetil"]
[Black "Berth, Mikkel Knoth"]
[Result "1-0"]
[WhiteElo "2066"]
[BlackElo "1566"]
[PlyCount "41"]
[EventDate "2008.07.20"]
[EventType "swiss"]
[EventRounds "9"]
[EventCountry "DEN"]
[Source "lmi"]
[SourceDate "2008.07.20"]
[WhiteTeam "Asker"]
[BlackTeam "Brønshøj"]

1. e4 d5 2. exd5 Qxd5 3. Nc3 Qd6 4. d4 Nf6 5. Nf3 a6 6. Bd3 Bg4 7. O-O Nc6 8.
Ne4 Nxe4 9. Bxe4 O-O-O 10. c3 e5 11. Bxc6 bxc6 12. Qa4 Bxf3 13. Qxa6+ Kd7 14.
gxf3 exd4 15. Rd1 Qg6+ 16. Kf1 Bd6 17. Rxd4 Rb8 18. Qd3 Qh5 19. Bf4 Rxb2 20.
Rxd6+ Kc8 21. Rxc6 1-0

[Event "Politiken Cup 2008"]
[Site "Helsingør DEN"]
[Date "2008.07.20"]
[Round "3.86"]
[White "Eiholt, Bjarne"]
[Black "Johansson, Alexander"]
[Result "0-1"]
[WhiteElo "1669"]
[BlackElo "2060"]
[PlyCount "74"]
[EventDate "2008.07.20"]
[EventType "swiss"]
[EventRounds "9"]
[EventCountry "DEN"]
[Source "lmi"]
[SourceDate "2008.07.20"]
[WhiteTeam "K41"]
[BlackTeam "Lund ASK"]

1. d4 Nf6 2. c4 g6 3. Nc3 Bg7 4. Bf4 O-O 5. Nf3 d6 6. h3 Nbd7 7. e3 a6 8. Be2
Qe8 9. O-O e5 10. Bh2 Qe7 11. Rc1 c6 12. a4 h6 13. b4 Nh7 14. Qb3 Kh8 15. Rfe1
f5 16. c5 d5 17. b5 a5 18. Qc2 g5 19. Nd2 f4 20. exf4 gxf4 21. dxe5 Nxe5 22.
Bd3 Ng5 23. Qb1 Qf7 24. Nd1 Nxd3 25. Qxd3 Bf5 26. Qb3 Qg6 27. Kh1 Ne6 28. Nf3
Be4 29. Nh4 Qh5 30. Nf3 Rf6 31. bxc6 bxc6 32. Qb7 Rg8 33. Nd2 Bxg2+ 34. Kxg2
Rg6+ 35. Kh1 Qxh3 36. Rg1 Rxg1+ 37. Kxg1 Bd4+ 0-1

[Event "Politiken Cup 2008"]
[Site "Helsingør DEN"]
[Date "2008.07.20"]
[Round "3.87"]
[White "Doran, Chris"]
[Black "Nielsen, Hogni Eigilstoft"]
[Result "0-1"]
[WhiteElo "2060"]
[BlackElo "1507"]
[PlyCount "84"]
[EventDate "2008.07.20"]
[EventType "swiss"]
[EventRounds "9"]
[EventCountry "DEN"]
[Source "lmi"]
[SourceDate "2008.07.20"]
[WhiteTeam "Chester"]
[BlackTeam "Sandavags Talvfelag"]

1. e4 e5 2. Nf3 Nc6 3. Bb5 a6 4. Ba4 Nf6 5. O-O Nxe4 6. d4 d5 7. Nxe5 Bd7 8.
Nxd7 Qxd7 9. Re1 O-O-O 10. f3 Nf6 11. Bg5 h6 12. Bxf6 gxf6 13. Nc3 Bd6 14. Qd3
Rhg8 15. Bxc6 Qxc6 16. Qf5+ Qd7 17. Qxd7+ Rxd7 18. Nxd5 Bxh2+ 19. Kxh2 Rxd5 20.
c3 Rh5+ 21. Kg1 Kd7 22. Re2 Rh3 23. Rae1 Rxf3 24. Re7+ Kd6 25. Rxf7 h5 26. c4
Rg6 27. d5 f5 28. b3 h4 29. Kh2 Rf2 30. Rg1 Rg3 31. Rh7 Rg4 32. Kh3 Rxa2 33.
Rxh4 Rg5 34. Rf4 Rb2 35. Rf3 Re2 36. Kh4 Rg4+ 37. Kh3 Ke5 38. Rgf1 Rg5 39. Kh4
Rexg2 40. Re1+ Kf6 41. Re6+ Kf7 42. Rfe3 R2g4+ 0-1